La práctica del trabajo social
Uloženo v:
| Hlavní autor: | |
|---|---|
| Médium: | Kniha |
| Jazyk: | španělština |
| Vydáno: |
Madrid
Síntesis
2006
|
| Témata: | |
| Tagy: |
Přidat tag
Žádné tagy, Buďte první, kdo vytvoří štítek k tomuto záznamu!
|
MARC
| LEADER | 00000nam a2200000 a 4500 | ||
|---|---|---|---|
| 001 | UCH1590 | ||
| 003 | CL-VaPUC | ||
| 008 | 090430e20060000SP |||||||||||||||||spa|d | ||
| 020 | |a 8497564014 | ||
| 082 | 0 | 4 | |a 361.32 |b MOI |2 21 |
| 100 | |a Moix Martínez, Manuel |e autor |9 536081 | ||
| 245 | 1 | 3 | |a La práctica del trabajo social |
| 300 | |a 187 p | ||
| 942 | |c BK | ||
| 945 | |d 20090430 00:00:00 |a rbrito | ||
| 260 | |a Madrid |b Síntesis |c 2006 | ||
| 650 | 0 | |a Trabajo social |9 307856 | |
| 650 | 0 | |a Práctica profesional |9 358078 | |
| 650 | 0 | |a Acción social |9 307836 | |
| 650 | 0 | |a Investigación social |9 307814 | |
| 583 | |a last modification |c 20090430 00:00:00 |k Rodrigo Vera | ||
| 999 | |c 333564 |d 333562 | ||
| 952 | |0 0 |1 0 |4 0 |6 361_320000000000000_MOI_2006 |7 0 |8 R |9 422072 |a BIBGIM |b BIBGIM |d 2019-11-22 |i 4545249 |o 361.32 MOI 2006 |p 4545249 |r 2025-01-15 |w 2019-11-22 |y BK_R |k SSL | ||